RF power devices / (Record no. 193606)

000 -LEADER
fixed length control field 00610 a2200157 4500
003 - CONTROL NUMBER IDENTIFIER
control field NUST
005 - DATE AND TIME OF LATEST TRANSACTION
control field 20221202145525.0
040 ## - CATALOGING SOURCE
Transcribing agency Nust
082 ## - DEWEY DECIMAL CLASSIFICATION NUMBER
Classification number 537,RCA
245 ## - TITLE STATEMENT
Title RF power devices /
Statement of responsibility, etc. RCA corporation
250 ## - EDITION STATEMENT
Edition statement International edition
260 ## - PUBLICATION, DISTRIBUTION, ETC.
Place of publication, distribution, etc. USA
Name of publisher, distributor, etc. RCA corporation
Date of publication, distribution, etc. 1973
300 ## - PHYSICAL DESCRIPTION
Extent 543 p.:
505 ## - FORMATTED CONTENTS NOTE
Formatted contents note Index to Contents (Page-6), Index to RF Power Devices (Page-7), Power to RF Frequency Curve (Page-8), Application Chart (Page-11), Replacement Guide (Page-17), Technical Data (Page-19), Application Notes (Page-413), Guide to RCA Solid Devices (Page-512).
942 ## - ADDED ENTRY ELEMENTS (KOHA)
Source of classification or shelving scheme
Koha item type Book
Call number prefix 537,RCA
Holdings
Withdrawn status Lost status Source of classification or shelving scheme Damaged status Not for loan Permanent Location Current Location Shelving location Date acquired Full call number Barcode Date last seen Price effective from Koha item type Public note
          Military College of Signals (MCS) Military College of Signals (MCS) General Stacks 12/12/2016 537,RCA MCS5508 12/08/2016 12/12/2016 Book Almirah No.16, Shelf No.4
© 2023 Central Library, National University of Sciences and Technology. All Rights Reserved.